Asamiya aru asamar jati-janagosthi : (Record no. 10302)

MARC details
000 -LEADER
fixed length control field 00568cam a2200205ua 4500
001 - CONTROL NUMBER
control field 11480
005 - DATE AND TIME OF LATEST TRANSACTION
control field 20260515114746.0
008 - FIXED-LENGTH DATA ELEMENTS--GENERAL INFORMATION
fixed length control field 190923n ii |||gr||||Z||||||asm
020 ## - INTERNATIONAL STANDARD BOOK NUMBER
International Standard Book Number 9789382164937
040 ## - CATALOGING SOURCE
Transcribing agency MAIN
082 ## - DEWEY DECIMAL CLASSIFICATION NUMBER
Classification number 398.0954162
100 ## - MAIN ENTRY--PERSONAL NAME
Personal name Upen Rabha Hakacham . ,
Relator term Author.,
245 ## - TITLE STATEMENT
Title Asamiya aru asamar jati-janagosthi :
Remainder of title prasanga-anusanga /
Statement of responsibility, etc. By Upen Rabha Hakacham .
250 ## - EDITION STATEMENT
Edition statement 2nd ed.
260 ## - PUBLICATION, DISTRIBUTION, ETC.
Place of publication, distribution, etc. Dhemaji:
Name of publisher, distributor, etc. Kiran prakashan,
Date of publication, distribution, etc. 2017.
300 ## - PHYSICAL DESCRIPTION
Extent 472p.
653 ## - INDEX TERM--UNCONTROLLED
Uncontrolled term Folklore
653 ## - INDEX TERM--UNCONTROLLED
Uncontrolled term Essays on assamese culture
942 ## - ADDED ENTRY ELEMENTS (KOHA)
Koha item type Books
Holdings
Withdrawn status Lost status Damaged status Not for loan Home library Current library Shelving location Date acquired Total checkouts Full call number Barcode Date last seen Date last checked out Copy number Price effective from Koha item type
        Naharkatiya College Library Naharkatiya College Library General stacks 09/19/2020 3 398.0954162oHAK 26789 10/14/2023 09/29/2023 1 09/19/2020 Books
        Naharkatiya College Library Naharkatiya College Library General stacks 09/19/2020   398.0954162oHAK 26790 09/19/2020   2 09/19/2020 Books